00310nam a2200121Ia 4500008004100000082001600041100002100057245006300078250000800141260002300149300000800172650000800180191201s2008 xx 000 0 und d a658.18bHII aHILL,Charles W L 0aInternational Business Competing in the Global Marketplace a6th aN.DelhibTMHc2008 a942 aMBA